Lincoln's grave robbers / (Record no. 3908)
[ view plain ]
| 000 -LEADER | |
|---|---|
| fixed length control field | 00949nam a22002537a 4500 |
| 001 - CONTROL NUMBER | |
| control field | 3908 |
| 003 - CONTROL NUMBER IDENTIFIER | |
| control field | FISKH |
| 005 - DATE AND TIME OF LATEST TRANSACTION | |
| control field | 20240524153828.0 |
| 008 - FIXED-LENGTH DATA ELEMENTS--GENERAL INFORMATION | |
| fixed length control field | 240523b cb ||||| |||| 00| 0 eng d |
| 040 ## - CATALOGING SOURCE | |
| Original cataloging agency | FISK |
| Language of cataloging | eng |
| Transcribing agency | FISK |
| Modifying agency | FISK |
| 050 ## - LIBRARY OF CONGRESS CALL NUMBER | |
| Classification number | E457.S54 |
| 082 ## - DEWEY DECIMAL CLASSIFICATION NUMBER | |
| Classification number | 973.7 |
| 100 ## - MAIN ENTRY--PERSONAL NAME | |
| Personal name | Sheinkin Steve |
| Dates associated with a name | 1968- |
| 245 ## - TITLE STATEMENT | |
| Title | Lincoln's grave robbers / |
| Statement of responsibility, etc. | Steve Sheinkin |
| 260 ## - PUBLICATION, DISTRIBUTION, ETC. | |
| Place of publication, distribution, etc. | New York : |
| Name of publisher, distributor, etc. | Scholastic , |
| Date of publication, distribution, etc. | 2013 |
| 300 ## - PHYSICAL DESCRIPTION | |
| Extent | 214 pages : |
| Other physical details | illustrations ; |
| Dimensions | 20 cm |
| 505 ## - FORMATTED CONTENTS NOTE | |
| Formatted contents note | Q<br/> |
| 520 ## - SUMMARY, ETC. | |
| Summary, etc. | A dramatic account of the 1875 attempt to steal the 16th president's body describes how a counterfeiting ring plotted to ransom Lincoln's body to secure the release of their imprisoned ringleader and how a fledgling Secret Service and an undercover agent conducted a daring election-night sting operation. |
| 521 8# - TARGET AUDIENCE NOTE | |
| Target audience note | 930<br/> |
| Source | Lexile |
| 521 8# - TARGET AUDIENCE NOTE | |
| Target audience note | Q<br/> |
| Source | Raz-Plus |
| 700 ## - ADDED ENTRY--PERSONAL NAME | |
| Personal name | Steve Sheinkin |
| 942 ## - ADDED ENTRY ELEMENTS (KOHA) | |
| Source of classification or shelving scheme | Dewey Decimal Classification |
| Koha item type | Books |
| Suppress in OPAC | No |
| Withdrawn status | Lost status | Source of classification or shelving scheme | Damaged status | Not for loan | Collection | Home library | Current library | Shelving location | Date acquired | Total Checkouts | Full call number | Barcode | Date last seen | Copy number | Price effective from | Koha item type |
|---|---|---|---|---|---|---|---|---|---|---|---|---|---|---|---|---|
| Dewey Decimal Classification | Non-Fiction | Footprints International School Library Network Toul Kork Campus | Footprints International School Library Network Toul Kork Campus | TTP Secondary Non-Fiction Bookshelves | 05/23/2024 | SHE E457.S54 973.7 | 2024-0678 | 05/23/2024 | 1 | 05/23/2024 | Books | |||||
| Dewey Decimal Classification | Non-Fiction | Footprints International School Library Network Toul Kork Campus | Footprints International School Library Network Toul Kork Campus | TTP Secondary Non-Fiction Bookshelves | 05/24/2024 | SHE E457.S54 973.7 | 2024-0697 | 05/24/2024 | 2 | 05/24/2024 | Books |
